000 00830nam a22002175i 4500
001 68569
003 ES-MaACL
005 20230906170316.0
007 t|
008 960808m18901891sp ||||1| spa d
040 _aCAM
_bspa
_cCAM
100 1 _aGascón de Gotor, Anselmo.
_955860
245 1 0 _aZaragoza artística, monumental é histórica /
_cpor Anselmo y Pedro Gascón de Gotor ; Ilustrada con una alegoría de Don Marcelino de Unceta... láminas fototípicas y grabados... intercalados en el texto.
260 _aZaragoza :
_b[s.n.],
_c1890-91 (
_fC. Ariño)
300 _a2 v. :
_bil. ;
_c27 cm.
650 4 _aArte-
_zZaragoza.
_9157267
700 1 _aGascón de Gotor, Pedro (
_d1870-1907)
_955861
700 1 _aUnceta, Marcelino de.
_9111995
852 _aES-MaACL
_jC-1202-03
852 _aES-MaACL
_jG-10173
_q.- Vol. II
999 _c68569
_d68569